000 00251nam a2200097Ia 4500
001 806069
005 20250826171204.0
008 250824s9999 xx 000 0 und d
245 0 _aSARAY VE ÖTESİ
_cHALİD ZİYA UŞAKLIGİL
260 _bÖZGÜR YAYINLARI
999 _c806069
_d806069